000 00357nam a2200133Ia 4500
008 240624s9999 xx 000 0 und d
041 _aeng
082 _a658.049 LAN
100 _aLAN YI CHEN
245 _aGLOBAL ENTERPRISE TRANSITIONS MANAGE THE
260 _c2005
_aLondon
_bIdea Group Publishing
300 _axxi, : 239 : p. : cm. ; 25
365 _c
_b30
999 _c16353
_d16353